Anaerobic wastewater treatment / (Record no. 51680)

MARC details
000 -LEADER
fixed length control field 00546nam a2200193Ia 4500
005 - DATE AND TIME OF LATEST TRANSACTION
control field 20260429111953.0
008 - FIXED-LENGTH DATA ELEMENTS--GENERAL INFORMATION
fixed length control field 260429s9999||||xx |||||||||||||| ||und||
020 ## - INTERNATIONAL STANDARD BOOK NUMBER
International Standard Book Number 9781800617216
041 ## - LANGUAGE CODE
Language English
082 ## - DEWEY DECIMAL CLASSIFICATION NUMBER
Classification number 628.3
Item number GRA
100 ## - MAIN ENTRY--PERSONAL NAME
Personal name Gray, Nicholas F.
245 #0 - TITLE STATEMENT
Title Anaerobic wastewater treatment /
Statement of responsibility, etc Nicholas F. Gray
260 ## - PUBLICATION, DISTRIBUTION, ETC. (IMPRINT)
Place of publication, distribution, etc Singapore :
Name of publisher, distributor, etc World Scientific Publishing,
Date of publication, distribution, etc 2025.
300 ## - PHYSICAL DESCRIPTION
Extent xvi, 408 p.; hb
650 ## - SUBJECT ADDED ENTRY--TOPICAL TERM
Topical term or geographic name as entry element Sewage treatment
650 ## - SUBJECT ADDED ENTRY--TOPICAL TERM
Topical term or geographic name as entry element Wastewater treatment
650 ## - SUBJECT ADDED ENTRY--TOPICAL TERM
Topical term or geographic name as entry element Sanitary engineering
942 ## - ADDED ENTRY ELEMENTS (KOHA)
Koha item type Text Books
Holdings
Withdrawn status Lost status Damaged status Not for loan Collection code Home library Location Shelving location Date of Cataloging Source of acquisition Total Checkouts Full call number Barcode Date last seen Price effective from Koha item type
        Non-fiction CUTN Central Library CUTN Central Library Medicine, Technology & Management 29/04/2026 Feel Books, Chennai - Invoice No. BRL/CRB/25-26/568 on 13-02-2026   628.3 GRA 56708 29/04/2026 29/04/2026 Text Books